000 00208nam a22000977a 4500
999 _c15993
_d15993
003 OSt
008 191025b ||||| |||| 00| 0 eng d
100 _aMadhavikutty.
_9242
245 _aTharisu nilam
942 _cBK